Социализм с китайской спецификой

Bibliographic Details
Main Author: Пивоварова Э. П. Элеонора Петровна
Corporate Author: Российская академия наук (РАН) Институт Дальнего Востока (ИДВ)
Summary:За последние 30 лет в ходе рыночных преобразований в КНР произошел достаточно решительный отход от традиционных норм социализма в сторону допущения на благо развития производительных сил и улучшения на этой основе жизни людей не только единоличных, но и частных хозяйств, распределения не только по труду, но и по капиталу, формирования регулируемой на макроуровне рыночной экономики. Фактически за годы реформ Китай создал конвергентную по своей сути "смешанную экономику", которую и называют "социализмом с китайской спецификой", ибо ни в классический, ни в "«нэповский" социализм эта экономика не вписывается, но в ней присутствует в качестве необходимой составляющей идея "социального контроля над производством".
Language:Russian
Published: Москва, Форум, 2011
Subjects:
Format: Book
KOHA link:https://koha.lib.tpu.ru/cgi-bin/koha/opac-detail.pl?biblionumber=215080

MARC

LEADER 00000nam0a2200000 4500
001 215080
005 20231101225937.0
010 |a 9785819904824 
035 |a (RuTPU)RU\TPU\book\234976 
090 |a 215080 
100 |a 20120503d2011 k y0rusy50 ca 
101 0 |a rus 
102 |a RU 
105 |a y z 001zy 
200 1 |a Социализм с китайской спецификой  |f Э. П. Пивоварова  |g Российская академия наук (РАН), Институт Дальнего Востока (ИДВ) 
210 |a Москва  |c Форум  |d 2011 
215 |a 351 с. 
320 |a Библиогр.: с. 326-345. 
330 |a За последние 30 лет в ходе рыночных преобразований в КНР произошел достаточно решительный отход от традиционных норм социализма в сторону допущения на благо развития производительных сил и улучшения на этой основе жизни людей не только единоличных, но и частных хозяйств, распределения не только по труду, но и по капиталу, формирования регулируемой на макроуровне рыночной экономики. Фактически за годы реформ Китай создал конвергентную по своей сути "смешанную экономику", которую и называют "социализмом с китайской спецификой", ибо ни в классический, ни в "«нэповский" социализм эта экономика не вписывается, но в ней присутствует в качестве необходимой составляющей идея "социального контроля над производством". 
606 1 |a Китай  |x Экономика  |2 stltpush  |3 (RuTPU)RU\TPU\subj\36265  |9 57705 
610 1 |a экономическая политика 
610 1 |a социализм 
610 1 |a национальные особенности 
610 1 |a производительные силы 
610 1 |a собственность 
610 1 |a экономические реформы 
610 1 |a рыночная экономика 
610 1 |a социалистическая экономика 
610 1 |a открытая экономика 
610 1 |a 20 век 
610 1 |a 21 век 
686 |a У9(5Кит)  |v LBC/SL-A  |2 rubbk 
700 1 |a Пивоварова  |b Э. П.  |g Элеонора Петровна 
712 0 2 |a Российская академия наук (РАН)  |b Институт Дальнего Востока (ИДВ)  |c (Москва)  |2 stltpush  |3 (RuTPU)RU\TPU\col\326 
801 1 |a RU  |b 63413507  |c 20120503 
801 2 |a RU  |b 63413507  |c 20131024  |g RCR 
900 |a Политическая регионалистика 
900 |a Политический имидж стран Восточной Азии 
942 |c BK 
959 |a 69/20120502  |d 1  |e 552,90  |f ЧЗГЛ:1